00852 2200313 4500001002100000005001500021035002000036007000300056040001700059100003100076245005200107250001000159300003500169020002200204041000800226082001100234084001400245090002200259264003700281336002100318337003000339338002300369650001400392850001000406008004100416700003900457990002200496990002000518INLIS00000000000781020260529025259 a0010-0922000299ta aSBPUPADbind0 aCahyadi PrabowoePengarang1 aGrowing Up :bUsia 7-9 Tahun /cCahyadi Prabowo acet.1 axii, 228 hlm :bilus. ;c19 cm a978-602-9212-65-5 aind a612.65 a634 PAR b a650.1 HEN t 22-1 a.Jakarta :bNasyth Majidi,c2012 2rdacontentateks 2rdamediaatanpa perantara 2rdacarrieravolume 4aParenting aPUPAD260529 0 0 aEditor, Cahyadi PrabowoePengarang a23.391/H/DPK/2017 a23.390/H/DPK/17